Principles of corporate finance

Salvato in:
Dettagli Bibliografici
Autore principale: Brealey, Richard A.
Altri autori: Myers, Stewart C.
Natura: Libro
Lingua:inglese
Pubblicazione: Boston McGraw-Hill/Irwin 2000
Edizione:6th ed.
Serie:The Irwin/McGraw-Hill series in finance, insurance, and real estate
Soggetti:
Tags: Aggiungi Tag
Nessun Tag, puoi essere il primo ad aggiungerne!!

MARC

LEADER 00000nam$a2200000$$$4500
001 0193049
005 20240111125448.9
020 |a 0-07-290999-4 
020 |a 0-07-117901-1 
020 |a 0-07-709843-9 
041 0 |a eng 
044 |a US 
245 1 0 |a Principles of corporate finance  |c Richard A. Brealey, Stewart C. Myers 
250 |a 6th ed. 
264 1 |a Boston  |b McGraw-Hill/Irwin  |c 2000 
300 |a xxvi, 1093 s. 
490 1 |a The Irwin/McGraw-Hill series in finance, insurance, and real estate 
830 0 |a The Irwin/McGraw-Hill series in finance, insurance, and real estate 
610 2 0 |a financie podnikové 
610 2 0 |a manažéri 
610 2 0 |a politika podniková 
610 2 0 |a hodnota 
610 2 0 |a hodnota podniku 
610 2 0 |a rozhodovanie investičné 
610 2 0 |a riziko 
610 2 0 |a kapitál 
610 2 0 |a rozpočty 
610 2 0 |a financie 
610 2 0 |a trhy 
610 2 0 |a rozhodovanie finančné 
610 2 0 |a financovanie podnikov 
610 2 0 |a štruktúra kapitálová 
610 2 0 |a dlhy 
610 2 0 |a zadlženosť vnútorná 
610 2 0 |a financovanie 
610 2 0 |a ohodnocovanie 
610 2 0 |a lízing 
610 2 0 |a riadenie rizík 
610 2 0 |a plánovanie finančné 
610 2 0 |a analýza finančná 
610 2 0 |a pôžičky 
610 2 0 |a fúzie 
610 2 0 |a kontrola podniková 
100 1 |a Brealey, Richard A. 
700 1 |a Myers, Stewart C.